书目信息 |
| 书名: | Lake Wobegon Days | |
| 作者: | Garrison Keillor. | |
| 分册号: | ||
| 分册名: | 出版地: | NEW YORK : |
|
| 出版社: | Viking | |
| 出版时间: | 1985. | |
| 页数: | 337 p. ; | |
| 开本: | 20cm. | |
| 丛书名: | ||
| 中图分类号: | ||
| 科图分类号: | ||
| 其他分类号: | I712.4 | |
| 主题词: | ||
| 电子资源: | ||
| 000 | 00384nam 2200145 a 4500 | |
| 001 | E0237787964 | |
| 005 | 2002042510294714 | |
| 008 | 020425s1985 00010 eng | |
| 020 | @a0-670-80514-9 :@cRMB 12.00. | |
| 040 | @aPFT@beng | |
| 090 | @aI712.4 | |
| 099 | @dI712.4@eG242 | |
| 245 | @aLake Wobegon Days / @cGarrison Keillor. | |
| 260 | @aNEW YORK :@bViking,@c1985. | |
| 300 | @a337 p. ;@c20cm. | |
| Lake Wobegon Days / / Garrison Keillor.-NEW YORK : : Viking, , 1985. |
| 337 p. ; ; 20cm. |
| ISBN 0-670-80514-9 :RMB 12.00. |
| ● |
| 相关链接 |
|
|
|
正题名:Lake Wobegon Days
索取号:I712.4/G242
 
预约/预借
| 序号 | 登录号 | 条形码 | 馆藏地/架位号 | 状态 | 备注 |
| 1 | 03074 | 300030749 | 文学库116/400A自科库 18排3列5层/ [索取号:I712.4/G242] | 在馆 |